Nâng cao nhận thức cho cán bộ, giảng viên, sinh viên trường cao đẳng sư phạm Trung Ương về tầm quan trọng của ứng dụng công nghệ thông tin trong dạy học /

Wedi'i Gadw mewn:
Manylion Llyfryddiaeth
Prif Awdur: Nguyễn Mạnh Hùng, ThS.
Fformat: Erthygl
Iaith:Vietnamese
Pynciau:
Tagiau: Ychwanegu Tag
Dim Tagiau, Byddwch y cyntaf i dagio'r cofnod hwn!
Thư viện lưu trữ: Thư viện Trường Đại học Đà Lạt
LEADER 00930nam a2200265 4500
001 DLU140158843
005 ##20140110
040 # # |a DLU  |b vie 
041 # # |a vie 
044 # # |a vn 
100 # # |a Nguyễn Mạnh Hùng,   |c ThS. 
245 # # |a Nâng cao nhận thức cho cán bộ, giảng viên, sinh viên trường cao đẳng sư phạm Trung Ương về tầm quan trọng của ứng dụng công nghệ thông tin trong dạy học /  |c Nguyễn Mạnh Hùng. 
653 # # |a Công nghệ thông tin 
653 # # |a Giáo án điện tử 
653 # # |a Quản lí giáo dục 
773 # # |t Tạp chí Giáo dục   |g Số 268(2), 2011, tr. 52-53 
920 # # |a Phòng Tạp chí -- Trung tâm Thông tin - Thư viện Trường Đại học Đà Lạt 
994 # # |a DLU 
900 # # |a True 
911 # # |a Nguyễn Thị Linh Chi 
925 # # |a G 
926 # # |a A 
927 # # |a BB 
980 # # |a Thư viện Trường Đại học Đà Lạt